ARRUPE JESUIT UNIVERSITY

CORONAVIRUS -STOP THE SPREAD - CLEAN,DISINFECT,COVER

An English-vernacular dictionary of the Bantu-Botatwe dialects of Northern Rhodesia, (Record no. 123696)

MARC details
000 -LEADER
fixed length control field 00978cam a2200301 4500
001 - CONTROL NUMBER
control field 2985528
003 - CONTROL NUMBER IDENTIFIER
control field ARRUPE
005 - DATE AND TIME OF LATEST TRANSACTION
control field 20151029152845.0
008 - FIXED-LENGTH DATA ELEMENTS--GENERAL INFORMATION
fixed length control field 740924s1967 xx 000 0 eng u
010 ## - LIBRARY OF CONGRESS CONTROL NUMBER
LC control number 67090830
015 ## - NATIONAL BIBLIOGRAPHY NUMBER
National bibliography number GB67-13332
035 ## - SYSTEM CONTROL NUMBER
System control number (OCoLC)ocm01019709
035 ## - SYSTEM CONTROL NUMBER
System control number (NNC)2985528
040 ## - CATALOGING SOURCE
Transcribing agency IYU
Modifying agency OCL
-- UKM
-- ZCU
041 0# - LANGUAGE CODE
Language code of text/sound track or separate title engnic
050 0# - LIBRARY OF CONGRESS CALL NUMBER
Classification number REF PL8025
Item number .T58 1931
082 ## - DEWEY DECIMAL CLASSIFICATION NUMBER
Classification number 423/.96/3
090 ## - LOCALLY ASSIGNED LC-TYPE CALL NUMBER (OCLC); LOCAL CALL NUMBER (OCLC)
Classification number (OCLC) (R) ; Classification number, CALL (RLIN) (NR) PL8025
Local cutter number (OCLC) ; Book number/undivided call number, CALL (RLIN) .T63 1967
300 ## - PHYSICAL DESCRIPTION
Other physical details map.
Dimensions 19 cm.
100 1# - MAIN ENTRY--PERSONAL NAME
Personal name Torrend, J.
Fuller form of name (Jules),
Dates associated with a name 1861-1936.
9 (RLIN) 20786
245 13 - TITLE STATEMENT
Title An English-vernacular dictionary of the Bantu-Botatwe dialects of Northern Rhodesia,
Statement of responsibility, etc compiled with the help of Dr. H. S. Gerrard [and others] by J. Torrend.
260 ## - PUBLICATION, DISTRIBUTION, ETC. (IMPRINT)
Place of publication, distribution, etc Farnborough, Hants.,
Name of publisher, distributor, etc Gregg P.,
Date of publication, distribution, etc 1931
300 ## - PHYSICAL DESCRIPTION
Extent [xi], 649 p.
500 ## - GENERAL NOTE
General note "First published 1931."
650 #0 - SUBJECT ADDED ENTRY--TOPICAL TERM
Topical term or geographic name as entry element English language
Form subdivision Dictionaries
General subdivision Bantu.
9 (RLIN) 20787
651 #0 - SUBJECT ADDED ENTRY--GEOGRAPHIC NAME
Geographic name Zambia
General subdivision Languages.
9 (RLIN) 20788
942 ## - ADDED ENTRY ELEMENTS (KOHA)
Source of classification or shelving scheme Library of Congress Classification
Koha item type Monograph ( Printed materials)
Holdings
Withdrawn status Lost status Source of classification or shelving scheme Damaged status Not for loan Collection code Home library Current library Shelving location Date acquired Total Checkouts Full call number Barcode Date last seen Price effective from Koha item type
    Library of Congress Classification     REFERENCE ARRUPE LIBRARY ARRUPE LIBRARY REFERENCE 29/10/2015   REF PL8025.T58 1931 46500005787 29/10/2015 29/10/2015 REFERENCE
    Library of Congress Classification     SPECIAL Collection ARRUPE LIBRARY ARRUPE LIBRARY REFERENCE 10/03/2017   SPC PL8025 .T58 1931 46500025662 10/03/2017 10/03/2017 SPC

 

Arrupe Library. PO Box MP320 Mt Pleasant, Harare, Zimbabwe
263 242 745411|librarian@aju.ac.zw